Statistiken für Französischsprachige Länder

Klicken Sie hier um das Quiz zu spielen!

Allgemein

  • Dieses Quiz wurde 162 mal gespielt
  • Das Durchschnittsergebnis liegt bei 16 aus 27

Antwortstatistiken

% Land % Korrekt
97%Frankreich
100%
72%Belgien
92%
33%Algerien
86%
96%Luxemburg
84%
66%Schweiz
76%
31%Marokko
74%
54%Tunesien
72%
70%Andorra
71%
29%Senegal
68%
29%Kanada
68%
58%Republik Kongo
63%
47%Demokratische
Republik Kongo
63%
34%Elfenbeinküste
62%
40%Kamerun
62%
39%Togo
62%
79%Monaco
61%
35%Benin
56%
61%Gabun
51%
73%Mauritius
47%
29%Zentralafrikanische
Republik
47%
42%Haiti
43%
53%Seychellen
42%
25%Komoren
35%
29%Äquatorial-Guinea
29%
50%Dschibuti
23%
31%Vanuatu
11%
38%Libanon
11%

Verteilung der Resultate

Perzentil nach korrekt beantworteten Fragen

Anzahl Personen mit jedem Resultat

Ihre Resultats-Entwicklung

Sie haben dieses Quiz noch nicht gespielt